Inorganic chemistry : (Record no. 3980)

MARC details
000 -LEADER
fixed length control field 00818pam a2200253 a 4500
001 - CONTROL NUMBER
control field 4397123
003 - CONTROL NUMBER IDENTIFIER
control field OSt
005 - DATE AND TIME OF LATEST TRANSACTION
control field 20161028183032.0
008 - FIXED-LENGTH DATA ELEMENTS--GENERAL INFORMATION
fixed length control field 921028s1993 nyua b 001 0 eng
010 ## - LIBRARY OF CONGRESS CONTROL NUMBER
LC control number 92036083
020 ## - INTERNATIONAL STANDARD BOOK NUMBER
International Standard Book Number 006042995X
040 ## - CATALOGING SOURCE
Original cataloging agency DLC
Transcribing agency DLC
Modifying agency DLC
050 00 - LIBRARY OF CONGRESS CALL NUMBER
Classification number QD151.2
Item number .H84 1993
082 00 - DEWEY DECIMAL CLASSIFICATION NUMBER
Classification number 546
Edition number 20
Item number INO 2006
100 1# - MAIN ENTRY--PERSONAL NAME
Personal name James E. Huheey; Ellen A. Keiter; Richard L. Keiter.
9 (RLIN) 4236
245 10 - TITLE STATEMENT
Title Inorganic chemistry :
Remainder of title principles of structure and reactivity
250 ## - EDITION STATEMENT
Edition statement 4th ed.
260 ## - PUBLICATION, DISTRIBUTION, ETC. (IMPRINT)
Place of publication, distribution, etc. New York;
Name of publisher, distributor, etc. HarperCollins College Publishers,
Date of publication, distribution, etc. 2006.
300 ## - PHYSICAL DESCRIPTION
Extent xvii, 964, A-88 p. :
Other physical details ill. ;
Dimensions 27 cm.
504 ## - BIBLIOGRAPHY, ETC. NOTE
Bibliography, etc Includes bibliographical references and index.
650 #0 - SUBJECT ADDED ENTRY--TOPICAL TERM
Topical term or geographic name as entry element Chemistry, Inorganic.
9 (RLIN) 8270
906 ## - LOCAL DATA ELEMENT F, LDF (RLIN)
a 7
b cbc
c orignew
d 1
e ocip
f 19
g y-gencatlg
942 ## - ADDED ENTRY ELEMENTS (KOHA)
Source of classification or shelving scheme Dewey Decimal Classification
Koha item type Short Loan
Holdings
Withdrawn status Lost status Source of classification or shelving scheme Damaged status Not for loan Home library Current library Date acquired Inventory number Total Checkouts Full call number Barcode Date last seen Koha item type
    Dewey Decimal Classification     MUST Main Library MUST Main Library 11/05/2016 13/37282   546 INO 2006 2016-1762 11/05/2016 Short Loan